Регионална библиотека "Любен Каравелов" - Русе

Речник по международно право (Запис номер 44203)

MARC детайли
000 -Лидер
Контролно поле с фиксирана дължина 01290nam a2200337 c 4500
003 - Код на организацията, давaща контролен номер
Контролно поле BLK
005 - Дата и час на последна редакция
Контролно поле 20180422101010.0
008 - Елементи от данни с фиксирана дължина
fixed length control field 180408b bul|||||r ||||||| ||bul||
010 ## - Наследен системен номер
LC control number KNG00047967000
020 ## - Международен стандартен номер на книга ISBN
Международен стандартен номер на книга ISBN 954-8283-58-1
-- издат.: Хейзъл
040 ## - Източник на каталожния запис
Идентификатор на билиотеката - собственик на записа BLK
041 ## - Код за език
Код за езика на текст/звукозапис или на отделно заглавие Български
Код за езика КДБФ Български
080 ## - УДК
Текстов определител УДК Международно право
УДК код - определител по УДК 341
УДК определител (038.1)
УДК - код + определител 341(038.1)
139 ## - Редно поле
Редна дума Романов, Димитър
Авторски знак Ром - Р 83
245 10 - Сведения за заглавието
Заглавие Речник по международно право
Редно поле (дума) състав. Димитър Романов.
257 ## - Страна на издаване
Страна на създаване/издаване България
260 ## - Област на издателските данни
-- София
Име на издателя, разпространителя и проч. Хейзъл
Година на издаване 2003
Печатница София : Д. Благоев
300 ## - Физическа характеристика
Страници 432 с.
Размери/Мащаб 18 см
380 ## - Жанр
Жанр Обществени науки
490 1# - СЕРИИ (Колекции)
Име на серия Хейзъл издания
500 ## - Общи забележки
Забележка Състав. не е отбелязан на кор. - Офс. изд.
650 #4 - Допълнително описание по предмет – тема
Основно описание – тема или топоним Международно право - терминология - речници и справочници
9 (RLIN) 279223
653 ## - Ключова дума – ненормативна
Ключова дума международно право
653 ## - Ключова дума – ненормативна
Ключова дума терминологични речници
700 1# - Други автори (авторска отговорност)
Лично име Романов, Димитър
Автороска отговорност (Описва отношението между автора и произведението) състав.
9 (RLIN) 365051
852 ## - Местоположение
Форматна сигнатура Цб І 31498
856 4# - Електронен адрес и достъп
Електронен формат pdf - файл
Път до файла /url/
856 4# - Електронен адрес и достъп
Електронен формат pdf - файл
Път до файла /url/
942 ## - АРТИКУЛИ
Вид на библиотечния материал Книги
Скрит в OPAC Не
944 ## - СЪЗДАВАНЕ И РЕДАКЦИЯ на ЗАПИСА
Създаване/Редакция Създаване
Дата на регистрацията/редакция 26.01.2005
Служител, извършил регистрацията/редакцията Наталия_Медовщикова
944 ## - СЪЗДАВАНЕ И РЕДАКЦИЯ на ЗАПИСА
Създаване/Редакция Редакция
Дата на регистрацията/редакция 28.10.2008
Служител, извършил регистрацията/редакцията
999 ## - СИСТЕМНИ КОНТРОЛНИ НОМЕРА
Koha biblionumber 44203
Koha biblioitemnumber 44203
Наличности
Код за отписване Код за изгубен артикул Код за повреда Коз за рестрикции Код за отдаване Артикулен № Име на библиотеката - собственик Име на библиотеката, в която се намира в момента Статус (Текущо местоположение) Дата на вписване в системата Местоположение - отдел Цена в лева Инвентарен номер Систематично азбучна сигнатура Баркод Номер на екземпляра Цена в евро Служебна бележка Служебен тип на артикула Източник на класификационната схема
  Не е изгубен Не е повреден без рестрикции ползва се в читалня 69492 Регионална библиотека "Любен Каравелов" Русе Регионална библиотека "Любен Каравелов" Русе Хранилище 2005-01-26 Хранилище 0.00 120000691482 Цб I 31498 120000691482 1 0.00 Дост: Dp Вид: Д N: 14 Дата: 24.03.2004 Книги  
  Не е изгубен Не е повреден без рестрикции заемане за дома 69493 Регионална библиотека "Любен Каравелов" Русе Регионална библиотека "Любен Каравелов" Русе Заемна - подръчен фонд 2008-10-20 Заемна - подръчен фонд 27.80 120000730780 П 341(038)/Р 83 120000730780 2 14.21 Дост: Pk Вид: Ф N: 8706 Дата: 14.10.2008 Дата инв: 15.02.2018 Бележки инв: СП2018 Книги Universal Decimal Classification
Vip Innovations Ltd, Rousse, Bulgaria 2025